000 00772cab a2200241 4500
001 E84575
008 090401t1997 xxu||||| |||| 00| 0 eng d
035 _a(Sirsi) u78971
041 _aeng
100 _aMcGraw, R
245 _aPublic rights of way and access planning
260 _c1997
350 _a0
490 _aScottish Planning and Environmental Law
_v(59) February 1997, 11-12(2)
520 _aOutlines the use local authorities can make of Scottish Rights of Way Society maps in access planning.
650 _aACCESS PLANNING
650 _aCOUNTRYSIDE (SCOTLAND) ACT 1967 S46
650 _aCOUNTRYSIDE (SCOTLAND) ACT 1967
650 _aPUBLIC RIGHTS OF WAY
690 _aHIGHWAYS RIGHTS OF WAY AND EASEMENTS
942 _n0
948 _c17/06/1997
999 _c49625
_d49625